[Event "Oulu We OSS"]
[Site "Oulu"]
[Date "2013.11.30"]
[Round "2"]
[White "Hietala, Kai"]
[Black "Pirttimaki, Mika"]
[Result "1-0"]
[WhiteElo "1701"]
[BlackElo "1657"]
[PlyCount "85"]
[EventDate "2013.11.30"]
[EventType "swiss"]
[EventRounds "5"]
[EventCountry "FIN"]
[SourceTitle "EXT 2022"]
[Source "ChessBase"]
[SourceDate "2021.10.06"]
[SourceVersion "1"]
[SourceVersionDate "2021.10.06"]
[SourceQuality "1"]

1. e4 c6 2. d4 d5 3. Nc3 dxe4 4. Nxe4 Nf6 5. Nxf6+ exf6 6. Be2 Bf5 7. Nf3 Bd6 8. Nh4 Bg6 9. 0-0 Qc7 10. Nf3 Nd7 11. c4 Qb8 12. c5 Bc7 13. b4 a6 14. Bd3 Bxd3 15. Re1+ Kd8 16. Qxd3 g6 17. Qe4 g5 18. g3 Kc8 19. Qe7 Rf8 20. Rb1 Bd8 21. Qe4 Rh8 22. a4 Qc7 23. Bb2 h6 24. d5 cxd5 25. Qxd5 Nf8 26. Bxf6 Bxf6 27. Qf5+ Nd7 28. Rbd1 Bc3 29. Re7 Rd8 30. Ne5 Bxe5 31. Rdxd7 Qxd7 32. Rxd7 Rxd7 33. Qxe5 Rb8 34. b5 axb5 35. axb5 b6 36. c6 Rd1+ 37. Kg2 Rd2 38. Qe8+ Kc7 39. Qxf7+ Kc8 40. Qf8+ Kc7 41. Qg7+ Kc8 42. Qxh6 Kc7 43. Qg7+ 1-0

[Event "BI-2013-P-00003"]
[Site "LSS email"]
[Date "2013.04.22"]
[Round "?"]
[White "Feng, Jason"]
[Black "Pirttimaki, Mika"]
[Result "1/2-1/2"]
[WhiteElo "885"]
[BlackElo "1243"]
[PlyCount "55"]
[EventDate "2013.04.25"]
[EventType "tourn (corr)"]
[EventRounds "12"]
[EventCountry "GER"]
[SourceTitle "Telechess CBM 163"]
[Source "ChessBase"]
[SourceDate "2014.11.11"]
[SourceVersion "2"]
[SourceVersionDate "2014.11.11"]
[SourceQuality "1"]

1. e4 c6 2. d4 d5 3. Nc3 dxe4 4. Nxe4 Nf6 5. Nxf6+ exf6 6. Nf3 Bd6 7. Be3 0-0 8. Qd2 Bf5 9. 0-0-0 Nd7 10. Bd3 Bxd3 11. Qxd3 Nb6 12. h4 Nd5 13. h5 Nxe3 14. Qxe3 h6 15. Nh4 Qc7 16. g3 Rae8 17. Qf3 Kh7 18. Qf5+ Kh8 19. Rde1 Qd8 20. Re4 Rxe4 21. Qxe4 Re8 22. Qf3 Bf8 23. c3 Qe7 24. Nf5 Qe2 25. Qxe2 Rxe2 26. Rf1 Re8 27. Kd2 g6 28. hxg6 1/2-1/2

[Event "BI-2013-P-00003"]
[Site "LSS email"]
[Date "2013.04.22"]
[Round "?"]
[White "Lauer, Fredric"]
[Black "Pirttimaki, Mika"]
[Result "0-1"]
[WhiteElo "1124"]
[BlackElo "1243"]
[PlyCount "26"]
[EventDate "2013.04.25"]
[EventType "tourn (corr)"]
[EventRounds "12"]
[EventCountry "GER"]
[SourceTitle "Corr 2015"]
[Source "ChessBase"]
[SourceDate "2015.07.17"]
[SourceVersion "1"]
[SourceVersionDate "2015.07.17"]
[SourceQuality "1"]

1. d4 Nf6 2. c4 d6 3. Nc3 e5 4. dxe5 dxe5 5. Qxd8+ Kxd8 6. Bg5 Nbd7 7. 0-0-0 c6 8. Nf3 Kc7 9. e3 Be7 10. Bxf6 gxf6 11. e4 Nc5 12. Bd3 Be6 13. b4 Nxd3+ 0-1

[Event "BI-2013-P-00003"]
[Site "LSS email"]
[Date "2013.04.22"]
[Round "?"]
[White "Pirttimaki, Mika"]
[Black "Lelito, Jerzy"]
[Result "0-1"]
[WhiteElo "1243"]
[BlackElo "1636"]
[PlyCount "40"]
[EventDate "2013.04.25"]
[EventType "tourn (corr)"]
[EventRounds "12"]
[EventCountry "GER"]
[SourceTitle "Telechess CBM 163"]
[Source "ChessBase"]
[SourceDate "2014.11.11"]
[SourceVersion "2"]
[SourceVersionDate "2014.11.11"]
[SourceQuality "1"]

1. d4 Nf6 2. c4 g6 3. f3 Bg7 4. e4 d6 5. Be3 0-0 6. Ne2 e5 7. d5 Nh5 8. Qd2 f5 9. Bh6 fxe4 10. Bxg7 Kxg7 11. fxe4 Qh4+ 12. Kd1 Na6 13. Nbc3 Rf2 14. Kc2 Ng3 15. Nxg3 Nb4+ 16. Kc1 Rxd2 17. Kxd2 Qf4+ 18. Kd1 Bg4+ 19. Be2 Qe3 20. Bxg4 Qd3+ 0-1

[Event "BI-2013-P-00003"]
[Site "LSS email"]
[Date "2013.04.22"]
[Round "?"]
[White "Pirttimaki, Mika"]
[Black "Pepermans, Toon"]
[Result "0-1"]
[WhiteElo "1243"]
[BlackElo "2361"]
[PlyCount "48"]
[EventDate "2013.04.25"]
[EventType "tourn (corr)"]
[EventRounds "12"]
[EventCountry "GER"]
[SourceTitle "Telechess CBM 163"]
[Source "ChessBase"]
[SourceDate "2014.11.11"]
[SourceVersion "2"]
[SourceVersionDate "2014.11.11"]
[SourceQuality "1"]

1. e4 d6 2. d4 Nf6 3. Nc3 g6 4. f4 Bg7 5. Nf3 0-0 6. h3 c5 7. d5 e6 8. Be2 exd5 9. exd5 Re8 10. 0-0 Na6 11. a3 Nc7 12. Bc4 a6 13. a4 b6 14. Re1 Bd7 15. Rxe8+ Qxe8 16. a5 b5 17. Bf1 b4 18. Ne2 Nfxd5 19. Ra2 Ne3 20. Bxe3 Qxe3+ 21. Kh2 Bc6 22. Nfg1 Nd5 23. g3 Qf2+ 24. Bg2 Ne3 0-1

[Event "BI-2012-F-00020"]
[Site "LSS email"]
[Date "2013.02.15"]
[Round "?"]
[White "Basson, Heinrich"]
[Black "Pirttimaki, Mika"]
[Result "1-0"]
[WhiteElo "1318"]
[BlackElo "1243"]
[PlyCount "57"]
[EventDate "2013.02.20"]
[EventType "tourn (corr)"]
[EventRounds "10"]
[EventCountry "GER"]
[SourceTitle "Telechess CBM 163"]
[Source "ChessBase"]
[SourceDate "2014.11.11"]
[SourceVersion "2"]
[SourceVersionDate "2014.11.11"]
[SourceQuality "1"]

1. d4 Nf6 2. c4 d6 3. Nc3 e5 4. dxe5 dxe5 5. Qxd8+ Kxd8 6. Nf3 Nbd7 7. Bg5 Be7 8. Rd1 Bd6 9. a3 h6 10. Bh4 g5 11. Bg3 Ke7 12. e3 c6 13. Be2 b6 14. 0-0 Bb7 15. b4 Bc7 16. Rd3 Rac8 17. Rfd1 Rhd8 18. Ne1 Nf8 19. h3 Rxd3 20. Nxd3 N6d7 21. Bg4 f6 22. c5 b5 23. Ne4 Rd8 24. f4 exf4 25. exf4 Bb8 26. Nd6 Bxd6 27. cxd6+ Kf7 28. Re1 Re8 29. Bh5+ 1-0

[Event "BI-2012-F-00020"]
[Site "LSS email"]
[Date "2013.02.15"]
[Round "?"]
[White "Pirttimaki, Mika"]
[Black "Martins, Karin"]
[Result "0-1"]
[WhiteElo "1243"]
[BlackElo "1628"]
[PlyCount "52"]
[EventDate "2013.02.20"]
[EventType "tourn (corr)"]
[EventRounds "10"]
[EventCountry "GER"]
[SourceTitle "Telechess CBM 163"]
[Source "ChessBase"]
[SourceDate "2014.11.11"]
[SourceVersion "2"]
[SourceVersionDate "2014.11.11"]
[SourceQuality "1"]

1. d4 d5 2. Nf3 Nf6 3. e3 c5 4. dxc5 e6 5. Be2 Nc6 6. 0-0 Bxc5 7. Nbd2 0-0 8. Nb3 Bd6 9. c3 e5 10. Qc2 Qc7 11. g3 g6 12. Rd1 Nb4 13. Qd2 Ne4 14. Qe1 Nc2 15. Qf1 Nxa1 16. Nxa1 Be6 17. Nb3 Be7 18. Nfd2 a5 19. Nxe4 dxe4 20. Bd2 a4 21. Nc1 Rfd8 22. c4 Rac8 23. b3 axb3 24. axb3 b5 25. cxb5 Qc2 26. Qe1 Ba3 0-1

[Event "BI-2012-F-00020"]
[Site "LSS email"]
[Date "2013.02.15"]
[Round "?"]
[White "Sampaio Vianna Braga, Carlos Fernando"]
[Black "Pirttimaki, Mika"]
[Result "1-0"]
[WhiteElo "1312"]
[BlackElo "1243"]
[PlyCount "65"]
[EventDate "2013.02.20"]
[EventType "tourn (corr)"]
[EventRounds "10"]
[EventCountry "GER"]
[SourceTitle "Telechess CBM 163"]
[Source "ChessBase"]
[SourceDate "2014.11.11"]
[SourceVersion "2"]
[SourceVersionDate "2014.11.11"]
[SourceQuality "1"]

1. d4 Nf6 2. c4 e6 3. Nc3 Bb4 4. e3 0-0 5. Nf3 d5 6. Bd3 dxc4 7. Bxc4 Nc6 8. 0-0 a6 9. Qc2 Ne7 10. e4 Bxc3 11. bxc3 b5 12. Bd3 Nd7 13. a4 Rb8 14. axb5 axb5 15. Be3 c6 16. Bf4 Rb7 17. e5 g6 18. Bg5 Qe8 19. Bh6 Nf5 20. Bxf8 Nxf8 21. Be4 Bd7 22. Qd2 Kg7 23. Ra6 Rc7 24. g4 Ne7 25. Rfa1 Bc8 26. R6a5 Nd5 27. h4 Nb6 28. h5 Nc4 29. h6+ Kg8 30. Qf4 Nd7 31. R5a2 Qe7 32. Ra7 Qd8 33. Ng5 1-0

[Event "BI-2012-F-00020"]
[Site "LSS email"]
[Date "2013.02.15"]
[Round "?"]
[White "Schnoewitz, Brigitte"]
[Black "Pirttimaki, Mika"]
[Result "1-0"]
[WhiteElo "1153"]
[BlackElo "1243"]
[PlyCount "85"]
[EventDate "2013.02.20"]
[EventType "tourn (corr)"]
[EventRounds "10"]
[EventCountry "GER"]
[SourceTitle "Telechess CBM 163"]
[Source "ChessBase"]
[SourceDate "2014.11.11"]
[SourceVersion "2"]
[SourceVersionDate "2014.11.11"]
[SourceQuality "1"]

1. d4 Nf6 2. Nf3 e6 3. e3 d5 4. c4 dxc4 5. Bxc4 Be7 6. 0-0 0-0 7. Nc3 a6 8. a3 b5 9. Be2 Bb7 10. Qc2 Nbd7 11. Rd1 Qc8 12. b4 Rd8 13. Bb2 Nb6 14. Rac1 c6 15. Qb1 Qd7 16. Ne5 Qe8 17. Ne4 Nxe4 18. Qxe4 Rac8 19. Rc2 Nd5 20. Rdc1 Bd6 21. Nd3 f5 22. Qh4 Qg6 23. Bf3 Be7 24. Qh3 Qe8 25. g3 Bd6 26. Nc5 Bxc5 27. dxc5 Qf7 28. e4 fxe4 29. Bxe4 h6 30. Re2 Rf8 31. Rce1 Rcd8 32. f4 Bc8 33. Be5 Bd7 34. Bf3 Nf6 35. g4 Nd5 36. Bxd5 exd5 37. f5 Kh7 38. Qd3 Kg8 39. Qd4 Kh7 40. Bd6 Rfe8 41. Re7 Rxe7 42. Rxe7 Qg8 43. f6 1-0

[Event "SE-2012-0-00127"]
[Site "LSS email"]
[Date "2012.12.08"]
[Round "?"]
[White "Pirttimaki, Mika"]
[Black "Metz, Larry R"]
[Result "0-1"]
[WhiteElo "1290"]
[BlackElo "1380"]
[PlyCount "64"]
[EventDate "2012.11.08"]
[EventType "tourn (corr)"]
[EventRounds "6"]
[EventCountry "GER"]
[SourceTitle "Telechess CBM 159"]
[Source "ChessBase"]
[SourceDate "2014.03.17"]
[SourceVersion "1"]
[SourceVersionDate "2014.03.17"]
[SourceQuality "1"]

1. e4 c5 2. c4 e5 3. Nc3 Nf6 4. d3 Nc6 5. Nge2 Be7 6. g3 d6 7. Bg2 h5 8. h4 0-0 9. 0-0 Nd4 10. Nxd4 exd4 11. Nd5 Nxd5 12. exd5 Bf5 13. Re1 Re8 14. Bf1 Qd7 15. Bf4 Rad8 16. Qd2 b5 17. b3 bxc4 18. bxc4 Rb8 19. Rab1 Rxb1 20. Rxb1 Bd8 21. Rb3 Bg4 22. Kh2 Bb6 23. Rb2 Qd8 24. Bg5 f6 25. Bf4 g5 26. hxg5 Ba5 27. Qc1 Re1 28. Qc2 fxg5 29. Bxd6 Qxd6 30. Bg2 h4 31. Qa4 hxg3+ 32. fxg3 Qh6+ 0-1

[Event "SE-2012-0-00127"]
[Site "LSS email"]
[Date "2012.12.08"]
[Round "?"]
[White "Schoenbach, Patrick"]
[Black "Pirttimaki, Mika"]
[Result "1-0"]
[WhiteElo "1425"]
[BlackElo "1290"]
[PlyCount "69"]
[EventDate "2012.11.08"]
[EventType "tourn (corr)"]
[EventRounds "6"]
[EventCountry "GER"]
[SourceTitle "Telechess CBM 159"]
[Source "ChessBase"]
[SourceDate "2014.03.17"]
[SourceVersion "1"]
[SourceVersionDate "2014.03.17"]
[SourceQuality "1"]

1. e4 c6 2. d4 d5 3. Nc3 dxe4 4. Nxe4 Nf6 5. Nxf6+ exf6 6. Bc4 Bd6 7. Ne2 0-0 8. 0-0 Be6 9. Bd3 Nd7 10. Nf4 Bxf4 11. Bxf4 Re8 12. c3 Nf8 13. Qc2 Ng6 14. Be3 a5 15. Rfe1 Qc7 16. b3 b5 17. c4 b4 18. Be4 Rac8 19. a3 Qb8 20. axb4 axb4 21. Ra4 Red8 22. Rea1 f5 23. Bxf5 Bxf5 24. Qxf5 Qd6 25. g3 Rb8 26. Ra7 f6 27. Bf4 Nxf4 28. Rxg7+ Kxg7 29. Ra7+ Kf8 30. Qxh7 Ne2+ 31. Kf1 Qe6 32. Qh8+ Qg8 33. Qh6+ Ke8 34. Qe3+ Kf8 35. Qe7# 1-0

[Event "SD-2012-0-00138"]
[Site "LSS email"]
[Date "2012.06.29"]
[Round "?"]
[White "Pirttimaki, Mika"]
[Black "Nowak, Andrzej"]
[Result "0-1"]
[WhiteElo "1238"]
[BlackElo "1548"]
[PlyCount "62"]
[EventDate "2012.05.11"]
[EventType "tourn (corr)"]
[EventRounds "6"]
[EventCountry "GER"]
[SourceTitle "Telechess CBM 161"]
[Source "ChessBase"]
[SourceDate "2014.07.16"]
[SourceVersion "1"]
[SourceVersionDate "2014.07.16"]
[SourceQuality "1"]

1. c4 e5 2. Nc3 Nf6 3. Nf3 d6 4. d4 exd4 5. Nxd4 c5 6. Nf3 Nc6 7. Bg5 Be7 8. e3 Qb6 9. Rb1 0-0 10. Be2 Bf5 11. Bd3 Be6 12. 0-0 Nb4 13. Qe2 Qa6 14. b3 Nxd3 15. Qxd3 d5 16. Nd2 Rad8 17. Qe2 Rfe8 18. cxd5 Qxe2 19. Nxe2 Rxd5 20. Nf3 Bg4 21. Bxf6 Bxf6 22. a4 Bf5 23. Rbd1 Rdd8 24. Rxd8 Rxd8 25. Nc1 Bb2 26. h3 b6 27. Kh2 Bc2 28. Kg3 Rd5 29. h4 f6 30. Kh3 Ba3 31. g4 Rd1 0-1

[Event "SD-2012-0-00138"]
[Site "LSS email"]
[Date "2012.06.28"]
[Round "?"]
[White "Paetzold, Ortwin"]
[Black "Pirttimaki, Mika"]
[Result "1-0"]
[WhiteElo "1627"]
[BlackElo "1238"]
[PlyCount "41"]
[EventDate "2012.05.11"]
[EventType "tourn (corr)"]
[EventRounds "6"]
[EventCountry "GER"]
[SourceTitle "Telechess CBM 161"]
[Source "ChessBase"]
[SourceDate "2014.07.16"]
[SourceVersion "1"]
[SourceVersionDate "2014.07.16"]
[SourceQuality "1"]

1. e4 e5 2. Nf3 Nc6 3. Bb5 a6 4. Ba4 d6 5. 0-0 Nf6 6. Re1 Be7 7. Bxc6+ bxc6 8. d4 exd4 9. Qxd4 c5 10. Qd3 0-0 11. Nc3 Bb7 12. Bf4 Nd7 13. Rad1 f6 14. Nd5 Bxd5 15. Qxd5+ Kh8 16. b3 Re8 17. c4 Nb6 18. Qh5 a5 19. e5 fxe5 20. Nxe5 Qc8 21. Ng6+ 1-0

[Event "SD-2012-0-00138"]
[Site "LSS email"]
[Date "2012.06.26"]
[Round "?"]
[White "Hall, Dick"]
[Black "Pirttimaki, Mika"]
[Result "1-0"]
[WhiteElo "1656"]
[BlackElo "1238"]
[PlyCount "71"]
[EventDate "2012.05.11"]
[EventType "tourn (corr)"]
[EventRounds "6"]
[EventCountry "GER"]
[SourceTitle "Telechess CBM 161"]
[Source "ChessBase"]
[SourceDate "2014.07.16"]
[SourceVersion "1"]
[SourceVersionDate "2014.07.16"]
[SourceQuality "1"]

1. e4 e5 2. f4 d5 3. exd5 exf4 4. Nf3 Nf6 5. Bc4 c6 6. dxc6 Nxc6 7. d4 Bd6 8. Qe2+ Qe7 9. Qxe7+ Nxe7 10. 0-0 0-0 11. Nc3 a6 12. Ne5 Ng6 13. Nxg6 hxg6 14. Bxf4 Bxf4 15. Rxf4 b5 16. Bd3 Bb7 17. a4 bxa4 18. Nxa4 a5 19. c4 Bc6 20. Nc5 Rfb8 21. b3 Re8 22. d5 Bxd5 23. cxd5 Nxd5 24. Re4 Nf6 25. Rxe8+ Nxe8 26. b4 a4 27. Rxa4 Rxa4 28. Nxa4 Nd6 29. b5 Kf8 30. b6 g5 31. Bb5 Ke7 32. Bc6 f6 33. Nc5 f5 34. Kf2 g6 35. b7 Nxb7 36. Nxb7 1-0

[Event "BI-2012-P-00010"]
[Site "LSS email"]
[Date "2012.04.20"]
[Round "?"]
[White "Pirttimaki, Mika"]
[Black "Casto, Brett"]
[Result "1-0"]
[WhiteElo "1361"]
[BlackElo "795"]
[PlyCount "49"]
[EventDate "2012.04.22"]
[EventType "tourn (corr)"]
[EventRounds "10"]
[EventCountry "GER"]
[SourceTitle "Telechess CBM 165"]
[Source "ChessBase"]
[SourceDate "2015.03.11"]
[SourceVersion "1"]
[SourceVersionDate "2015.03.11"]
[SourceQuality "1"]

1. e4 e5 2. Nf3 Bc5 3. Bc4 Nc6 4. c3 Nf6 5. d3 0-0 6. 0-0 d6 7. Bb3 Bg4 8. Nbd2 Re8 9. Re1 Nh5 10. Nf1 Qd7 11. Ng3 Nxg3 12. hxg3 Qe7 13. Be3 Qd7 14. Bxc5 dxc5 15. Qd2 Qd6 16. Qe3 Qg6 17. Bc2 Re6 18. Kf1 Qh5 19. Ke2 Rf6 20. Rh1 Qg6 21. Rh2 Bh5 22. Rah1 Rd8 23. Rxh5 b6 24. Rxh7 Kf8 25. Rh8+ 1-0

[Event "ZI-2012-0-01281"]
[Site "LSS email"]
[Date "2012.04.04"]
[Round "?"]
[White "Mostowik, Daniel"]
[Black "Pirttimaki, Mika"]
[Result "1/2-1/2"]
[WhiteElo "1771"]
[BlackElo "1417"]
[PlyCount "40"]
[EventDate "2012.03.31"]
[EventType "match (corr)"]
[EventRounds "2"]
[EventCountry "GER"]
[SourceTitle "Telechess CBM 153"]
[Source "ChessBase"]
[SourceDate "2013.03.14"]
[SourceVersion "1"]
[SourceVersionDate "2013.03.14"]
[SourceQuality "1"]

1. Nf3 d5 2. g3 c5 3. Bg2 Nf6 4. c3 Nc6 5. d4 cxd4 6. cxd4 e6 7. 0-0 Qc7 8. Bf4 Bd6 9. Bxd6 Qxd6 10. a3 0-0 11. Nc3 a6 12. Rc1 b5 13. b4 Bb7 14. e3 Nd7 15. Qb3 Nb6 16. Qc2 Nc4 17. Qa2 g6 18. e4 Rfd8 19. Rfd1 Qe7 20. e5 Kg7 1/2-1/2

[Event "ZI-2012-0-01281"]
[Site "LSS email"]
[Date "2012.04.04"]
[Round "?"]
[White "Pirttimaki, Mika"]
[Black "Mostowik, Daniel"]
[Result "0-1"]
[WhiteElo "1417"]
[BlackElo "1771"]
[PlyCount "100"]
[EventDate "2012.03.31"]
[EventType "match (corr)"]
[EventRounds "2"]
[EventCountry "GER"]
[SourceTitle "Telechess CBM 153"]
[Source "ChessBase"]
[SourceDate "2013.03.14"]
[SourceVersion "1"]
[SourceVersionDate "2013.03.14"]
[SourceQuality "1"]

1. e4 g6 2. d4 Bg7 3. Nc3 d6 4. f4 Nf6 5. Nf3 0-0 6. e5 Nfd7 7. Be3 dxe5 8. fxe5 Nb6 9. Qd2 Bg4 10. Be2 c6 11. 0-0-0 Bxf3 12. gxf3 Nd5 13. Nxd5 cxd5 14. Qb4 Qc7 15. Kb1 Nc6 16. Qb3 e6 17. c3 Na5 18. Qa4 a6 19. h4 b5 20. Qc2 h5 21. Bg5 Rfc8 22. Qd2 Nc4 23. Bxc4 bxc4 24. Bh6 a5 25. Bxg7 Kxg7 26. Rdg1 Qe7 27. Qg5 Qxg5 28. Rxg5 a4 29. a3 Rf8 30. Rhg1 Kh7 31. f4 Rab8 32. R5g2 Rg8 33. Ka2 Rbf8 34. Kb1 f6 35. Kc1 fxe5 36. fxe5 Rf4 37. Rh1 Rgf8 38. Rhg1 Rf1+ 39. Rxf1 Rxf1+ 40. Kd2 Rf4 41. Rh2 Kh6 42. Ke3 Re4+ 43. Kf3 g5 44. hxg5+ Kxg5 45. Rg2+ Rg4 46. Rh2 h4 47. Rh1 Rg3+ 48. Kf2 Kg4 49. Rh2 h3 50. Kf1 Rf3+ 0-1

[Event "ZI-2012-0-01271"]
[Site "LSS email"]
[Date "2012.03.22"]
[Round "?"]
[White "Pirttimaki, Mika"]
[Black "Albesa, Alfredo Ricardo"]
[Result "1/2-1/2"]
[WhiteElo "1417"]
[BlackElo "1573"]
[PlyCount "63"]
[EventDate "2012.03.16"]
[EventType "match (corr)"]
[EventRounds "2"]
[EventCountry "GER"]
[SourceTitle "Telechess CBM 153"]
[Source "ChessBase"]
[SourceDate "2013.03.14"]
[SourceVersion "1"]
[SourceVersionDate "2013.03.14"]
[SourceQuality "1"]

1. e4 e5 2. Nf3 Nf6 3. Nxe5 d6 4. Nf3 Nxe4 5. Nc3 Nxc3 6. dxc3 Be7 7. Be3 Nc6 8. Qd2 0-0 9. 0-0-0 Ne5 10. Nxe5 dxe5 11. Qxd8 Rxd8 12. Be2 Be6 13. Kb1 f5 14. f3 Rxd1+ 15. Rxd1 Kf7 16. c4 b6 17. b3 Rd8 18. Rxd8 Bxd8 19. Kb2 Be7 20. a3 a5 21. c3 Bd7 22. b4 c5 23. Kb3 Ke6 24. f4 h6 25. Bf3 e4 26. Be2 Bd6 27. g3 g6 28. bxc5 bxc5 29. Kc2 Be7 30. Kb2 h5 31. h4 Ba4 32. Bf2 1/2-1/2

[Event "OP-2012-0-02064"]
[Site "LSS email"]
[Date "2012.02.14"]
[Round "?"]
[White "Bienkowski, Alejandro"]
[Black "Pirttimaki, Mika"]
[Result "1-0"]
[WhiteElo "1809"]
[BlackElo "1446"]
[PlyCount "91"]
[EventDate "2012.02.11"]
[EventType "tourn (corr)"]
[EventRounds "4"]
[EventCountry "GER"]
[SourceTitle "Telechess CBM 155"]
[Source "ChessBase"]
[SourceDate "2013.07.16"]
[SourceVersion "1"]
[SourceVersionDate "2013.07.16"]
[SourceQuality "1"]

1. e4 c6 2. d4 d5 3. exd5 cxd5 4. Bd3 Nc6 5. c3 Nf6 6. Bf4 Bg4 7. Qb3 Qc8 8. Nd2 e6 9. Ngf3 Be7 10. 0-0 Bxf3 11. Nxf3 0-0 12. Rfe1 Re8 13. Qc2 g6 14. Ne5 Nxe5 15. Bxe5 Nd7 16. Bf4 Bf6 17. Re3 Nf8 18. Rae1 Qd7 19. Rh3 Bg7 20. a4 a6 21. a5 Qc6 22. Qd1 b5 23. axb6 Qxb6 24. b3 a5 25. Bc2 Rec8 26. Qd2 Rc6 27. Ra1 Rac8 28. Bd1 Nd7 29. Bh6 Nf8 30. Bxg7 Kxg7 31. Rc1 Qd8 32. Be2 Qb6 33. Qd1 Nd7 34. c4 Nf6 35. Qd2 Ng8 36. Qe3 Qc7 37. Qg5 dxc4 38. bxc4 Ra6 39. Ra1 Ra7 40. Qd2 f5 41. Rha3 Qb6 42. Rxa5 Rxa5 43. Rxa5 Qb1+ 44. Bf1 Rxc4 45. Ra7+ Kh8 46. Qa5 1-0

[Event "OP-2012-0-02064"]
[Site "LSS email"]
[Date "2012.02.14"]
[Round "?"]
[White "Guaimare Rodriguez, Carlos Luis"]
[Black "Pirttimaki, Mika"]
[Result "1-0"]
[WhiteElo "1124"]
[BlackElo "1446"]
[PlyCount "65"]
[EventDate "2012.02.11"]
[EventType "tourn (corr)"]
[EventRounds "4"]
[EventCountry "GER"]
[SourceTitle "Telechess CBM 155"]
[Source "ChessBase"]
[SourceDate "2013.07.16"]
[SourceVersion "1"]
[SourceVersionDate "2013.07.16"]
[SourceQuality "1"]

1. d4 Nf6 2. Nf3 e6 3. g3 Bb4+ 4. Bd2 Bxd2+ 5. Nbxd2 d5 6. Bg2 0-0 7. 0-0 Nc6 8. Re1 b6 9. c4 Bb7 10. Rc1 Ne7 11. c5 b5 12. b4 c6 13. e4 dxe4 14. Nxe4 Nxe4 15. Rxe4 Nd5 16. a3 a5 17. h4 axb4 18. axb4 Nxb4 19. Ng5 h6 20. Nh3 Nd5 21. Nf4 Nxf4 22. Rxf4 Qd7 23. Qd2 Ra4 24. Qe3 Rfa8 25. Qe5 Rd8 26. Rd1 Ba6 27. Rg4 f5 28. Rg6 Rxd4 29. Rxd4 Qxd4 30. Rxg7+ Kh8 31. Qxd4 Rxd4 32. Ra7 Ra4 33. Bxc6 1-0